| 000 | 00783nam a2200229 a 4500 | ||
|---|---|---|---|
| 001 | 000008925 | ||
| 005 | 20200929161435.0 | ||
| 008 | 090921s1998 dr 001 0 spa d | ||
| 020 | _a8484002535 | ||
| 040 |
_aDO-SdBNP _bspa _cBNPHU |
||
| 082 |
_aRD860.44 _bF819s |
||
| 100 | 1 |
_aFrancisco, Ramón _920549 |
|
| 245 | 1 | 0 |
_aSobre arte y literatura / _cRamón Francisco. |
| 260 |
_aSanto Domingo : _bTaller, _c1998. |
||
| 300 |
_a188 p. ; _c23 cm. |
||
| 500 | _aIncluye datos biográficos del autor en la contracubierta | ||
| 500 | _aIncluye índice | ||
| 590 | _aInventariado, 2018/LP | ||
| 650 | 4 |
_aLiteratura dominicana _ySIGLO XX _xEnsayos, conferencias, etc. _923495 |
|
| 650 | 4 |
_aArte dominicano _xEnsayos, conferencias, etc. _923496 |
|
| 910 | _aValidado. Control de calidad BNPHU | ||
| 999 |
_c8691 _d8691 |
||